Strategy of self-reliance

Sparad:
Bibliografiska uppgifter
Huvudupphovsman: Kerim, Srdjan A.
Materialtyp: Text
Publicerad: Ljubljana: Research Centre for Cooperation
Taggar: Lägg till en tagg
Inga taggar, Lägg till första taggen!

MARC

LEADER 00000 a a2200000 04500
001 24497
003
040
090 |a 172100  
100 |a Kerim, Srdjan A.  
245 |a Strategy of self-reliance  
260 |a Ljubljana:   |b Research Centre for Cooperation  
300 |a 260 p.  
999 |c 13080  |d 13080